| 000 | 00655nam a2200241Ia 4500 | ||
|---|---|---|---|
| 003 | OSt | ||
| 005 | 20220925230300.0 | ||
| 006 | a|||||r|||| 00| 0 | ||
| 007 | ta | ||
| 008 | 220923b |||||||| |||| 00| 0 eng d | ||
| 037 | _cGeneral Book | ||
| 040 |
_aRTL _cRTL _beng |
||
| 041 |
_2eng _aeng |
||
| 082 | _aY, M8 | ||
| 100 |
_aHindess Barry _992113 |
||
| 245 | 0 | _aChoice, rationality and social theory | |
| 260 |
_aLondon _bUnwin Hyman _c1988 |
||
| 300 |
_aix,132p _ccm. |
||
| 490 | _aControversies in Sociology.122 | ||
| 500 | _aBibliography P 123-128 | ||
| 942 |
_hY, M8 _cGB _2CC |
||
| 999 |
_c585101 _d585101 |
||